000 00447cam a22001815a 4500
001 L155650
008 120330s1998 xxk f 000 0 eng d
020 _a0946805253
022 1 _a09619208
035 _a(Sirsi) u155650
041 0 _aeng
110 2 _aWESSEX
245 0 0 _aWessex engineering services price book
250 _a1st ed.
260 _aPoole : Wessex Electronic Publishing, 1998
651 4 _aENGLAND AND WALES
942 _n0
999 _c113727
_d113727